000 01301cam a2200373 a 4500
001 3140
003 FISKH
005 20250808144913.0
008 081208s2007 nyua j 000 0 eng d
010 _a 2008301152
020 _a0439025230
020 _a9780439025232
035 _a(OCoLC)ocn191102349
040 _aBSC
_cBSC
_dDLC
_beng
042 _alccopycat
043 _an-us---
050 0 0 _aE208
_b.R64 2007
082 0 0 _a973.3
_222
100 1 _aRoop, Peter.
245 1 0 _aWho cracked the Liberty Bell? :
_band other questions about the American Revolution /
_cby Peter and Connie Roop.
260 _aNew York :
_bScholastic,
_c2007.
300 _a44 pages :
_billustrations ;
_c20 cm.
440 0 _aChapters in history
500 _aFirst printing, November 2007.
500 _a"This edition is available for distribution only through the school market."-p. 4 of cover.
505 _aR
520 _aThis book explores the history behind the famous Liberty Bell and other facts about the American Revolution.
521 8 _a730
_bLexile NC
521 8 _aR
_bRaz-Plus
651 0 _aUnited States
_xHistory
_yRevolution, 1775-1783
_vJuvenile literature.
700 1 _aRoop, Connie.
_eAuthor
906 _a7
_bcbc
_ccopycat
_d2
_encip
_f20
_gy-gencatlg
942 _2ddc
_cBK
_n0
999 _c3140
_d3140